[Event "World Junior U20 Open 2018"]
[Site "Gebze"]
[Date "2018.09.14"]
[Round "10.19"]
[White "Kollars, Dmitrij"]
[Black "Gorshtein, Ido"]
[Result "1-0"]
[WhiteElo "2536"]
[BlackElo "2383"]
[Annotator "TA"]
[PlyCount "45"]
[EventDate "2018.09.05"]
[EventType "swiss"]
[EventCountry "TUR"]
[SourceTitle "playchess.com"]
[Source "ChessBase"]
[SourceQuality "1"]

{[%evp 19,45,7,30,37,30,24,36,27,29,10,83,78,68,79,102,96,135,93,100,97,195,184,219,229,238,221,319,311]} 1. e4 c6 2. d4 d5 3. e5 Bf5 4. Nd2 e6 5. Nb3 Nd7 6. Nf3 h6 {B12: Caro-Kann: Advance Variation} (6... Ne7 7. Be2 Ng6 8. O-O f6 9. c4 dxc4 10. Bxc4 fxe5 11. Ng5 Qf6 12. g4 Nf4 13. Bxf4 exf4 14. Nxe6 Bxe6 15. Bxe6 {½-½ (46) Grischuk,A (2766)-Mamedyarov,S (2808) Paris 2018}) 7. Be2 Ne7 8. O-O g5 9. Bd2 Bg7 10. a4 {[%cal Ba2a4,Ba4a5][%mdl 32]} O-O {LiveBook: 3 Games} 11. a5 f6 12. exf6 Bxf6 13. Ne1 $146 ({Predecessor:} 13. Bb4 Rf7 {½-½ (44) Nijboer,F (2528)-Shyam,S (2534) Leiden 2017}) 13... Qc7 14. f4 Ng6 (14... c5 $11 15. dxc5 Nxc5) 15. Nd3 $16 Be7 16. Bg4 Kg7 17. Bxf5 Rxf5 18. fxg5 hxg5 19. Qe2 Bd6 (19... Raf8 $16) 20. g3 $18 ({Weaker is} 20. Qxe6 Bxh2+ 21. Kh1 Rf6 $14) 20... Raf8 21. Rxf5 ({Not} 21. Qxe6 Rxf1+ 22. Rxf1 Bxg3 $15) 21... exf5 22. Bxg5 Nf6 (22... Qc8 {might work better.} 23. Qe6 Qc7) 23. Nbc5 {Precision: White = 71%, Black = 33%.} 1-0

[Event "World Junior U20 Open 2018"]
[Site "Gebze"]
[Date "2018.09.14"]
[Round "10.20"]
[White "Pang, Tao"]
[Black "Yakubboev, Nodirbek"]
[Result "0-1"]
[WhiteElo "2290"]
[BlackElo "2521"]
[Annotator "TA"]
[PlyCount "66"]
[EventDate "2018.09.05"]
[EventType "swiss"]
[EventCountry "TUR"]
[SourceTitle "playchess.com"]
[Source "ChessBase"]
[SourceQuality "1"]

{[%evp 27,66,31,29,36,22,17,36,0,20,0,36,0,43,12,44,31,33,33,35,37,47,-15,15,6,6,-302,-311,-361,-376,-376,-378,-361,-348,-350,-359,-353,-343,-507,-488,-637,-634]} 1. Nf3 f5 2. c4 Nf6 3. Nc3 d6 4. d4 g6 5. g3 Bg7 6. Bg2 O-O 7. O-O Qe8 8. d5 Na6 {[%cal Bb8a6,Ba6c5,Bc5e4][%mdl 32]} 9. Rb1 e5 10. dxe6 Bxe6 11. Nd4 c6 12. Nxe6 Qxe6 13. b3 Nc5 14. Bb2 Rad8 15. e3 $146 {A88: Dutch Defence: Leningrad System: 5 Nf3 0-0 6 0-0 d6 7 Nc3 c6} ({Predecessor:} 15. Qc2 a5 16. e3 Nfe4 17. Ne2 Bxb2 18. Qxb2 Qe5 19. Rfd1 Qxb2 20. Rxb2 Kf7 21. f3 Nf6 22. Rbd2 Ke7 {½-½ (69) Buss,R (2416)-Drazic,S (2545) Rijeka 2010}) 15... Ng4 {White should prevent ...Nxe3!} 16. Qe2 Ne4 17. Nd1 {[#] Threatens to win with f3.White is slightly better.} Ne5 18. Nc3 Nd7 19. Rbc1 g5 20. Qc2 {[%cal Rc3e4]} Rfe8 21. Ne2 {Black must now prevent Bxg7.} Bxb2 22. Qxb2 Ne5 {[%cal Bd7e5,Be5g4,Bg4f2][%mdl 32]} 23. Qc2 Ng4 24. Nc3 ({But not} 24. Bxe4 fxe4 25. h3 Ne5 $11) (24. Nd4 $14 Qe5 25. h3) 24... Qe5 25. Qd3 h5 26. f3 $2 {[%mdl 8192] [#]} (26. b4 $11) 26... Nc5 $1 $19 {[%csl LRd3,LRe3]} 27. Qb1 Qxe3+ (27... Nxe3 $2 28. Rf2 $19) 28. Kh1 Nf2+ 29. Rxf2 Qxf2 30. b4 Nd7 31. Rf1 Qd4 32. Qxf5 (32. Qc1 $142) 32... Qxc3 33. f4 Qf6 {Precision: White = 38%, Black = 33%.} 0-1

[Event "World Junior U20 Open 2018"]
[Site "Gebze"]
[Date "2018.09.14"]
[Round "10.21"]
[White "Zou, Chen"]
[Black "Lorparizangeneh, Shahin"]
[Result "1-0"]
[WhiteElo "2365"]
[BlackElo "2491"]
[Annotator "TA"]
[PlyCount "73"]
[EventDate "2018.09.05"]
[EventType "swiss"]
[EventCountry "TUR"]
[SourceTitle "playchess.com"]
[Source "ChessBase"]
[SourceQuality "1"]

{[%evp 23,73,34,25,21,37,12,21,-16,-8,-14,0,-50,-4,-7,0,0,78,77,71,78,72,33,26,27,17,17,68,0,33,34,36,0,0,0,0,0,0,0,263,0,29974,29974,29992,29993,29993,29994,29994,29995,29995,29996,29996,29997]} 1. e4 c5 2. Nf3 Nc6 3. d4 cxd4 4. Nxd4 e5 5. Nb5 {[%cal Bd4b5,Bb5a3,Ba3c4][%mdl 32]} d6 6. N1c3 a6 7. Na3 Be7 8. Nc4 b5 {B32: Sicilian: Löwenthal and Kalashnikov Variations} 9. Ne3 Nf6 10. Bd3 (10. a3 O-O 11. g3 Nd4 12. Bg2 Be6 13. O-O a5 14. Ne2 Nxe2+ 15. Qxe2 Rb8 16. a4 b4 17. b3 Qb6 18. Bb2 Qc5 19. Kh1 Bd8 20. f4 Bb6 {½-½ (20) Tomczak,J (2583)-Edouard,R (2607) Germany 2018}) 10... O-O 11. O-O Rb8 12. a4 Nb4 {LiveBook: 4 Games} 13. axb5 axb5 14. Be2 Be6 15. Kh1 $146 ({Predecessor:} 15. Ncd5 Nbxd5 16. exd5 {½-½ (66) Sadhwani,R (2298)-Gara,A (2373) Zalakaros 2017}) 15... Qb6 16. f4 Rfd8 17. Nxb5 d5 18. fxe5 dxe4 19. Qe1 Nfd5 (19... Nd7 $11 {remains equal.}) 20. Qg3 $16 Nxe3 21. Bxe3 Bc5 22. Bxc5 Qxc5 23. Nd6 Qxc2 24. Bg4 $40 {[%mdl 128] Threatens to win with Bxe6. White attacks.} Rf8 (24... e3 $11) 25. h3 ({White should try} 25. Bf5 $1 $14) 25... Qd3 26. Qh4 e3 {White must now prevent ...e2.} 27. Bxe6 (27. Nxf7 $5 Bxg4 28. Qxg4 $11) 27... fxe6 28. Rxf8+ Rxf8 29. Qxb4 e2 30. Kh2 {Ne4 is the strong threat.} h6 $2 {[%mdl 8192] [#]} (30... Qe3 $11 31. Qh4 Qxe5+ 32. Qg3 Qxg3+ 33. Kxg3 Rd8) 31. Qg4 $2 ({White has to play} 31. Ne4 $1 $18) 31... Rf1 $2 {[%mdl 8192] [#]} (31... Qd2 $11) 32. Ne8 $1 {[%csl Ge8][%cal Rg4g7][%mdl 512] White mates.} g5 33. Qxe6+ Kf8 34. Qxh6+ Kxe8 35. Qe6+ Kf8 36. Ra8+ Kg7 37. Ra7+ {Precision: White = 57%, Black = 55%.} 1-0

[Event "World Junior U20 Open 2018"]
[Site "Gebze"]
[Date "2018.09.14"]
[Round "10.22"]
[White "Percivaldi, Martin"]
[Black "Harsha Bharathakoti"]
[Result "0-1"]
[WhiteElo "2376"]
[BlackElo "2474"]
[Annotator "TA"]
[PlyCount "76"]
[EventDate "2018.09.05"]
[EventType "swiss"]
[EventCountry "TUR"]
[SourceTitle "playchess.com"]
[Source "ChessBase"]
[SourceQuality "1"]

{[%evp 12,76,2,6,16,2,9,0,0,-7,-6,-6,-12,-31,-18,-31,0,-6,0,0,-1,-13,-12,-5,15,14,23,1,5,0,0,0,0,0,0,0,5,-10,14,0,0,0,0,0,2,0,7,-21,-34,-46,-41,-53,-36,-306,-298,-298,-291,-29992,-29993,-29994,-29995,-29995,-29996,-29996,-29997,-29997,-1]} 1. Nf3 d5 2. e3 Nf6 3. b3 Bg4 4. Bb2 Nbd7 5. c4 (5. h3 Bh5 6. g4 Bg6 7. Nh4 e5 8. d3 c6 9. Nd2 Bd6 10. Bg2 O-O 11. Qe2 a5 12. a3 Re8 13. Nxg6 hxg6 {1-0 (49) Grischuk,A (2766)-Caruana,F (2822) Saint Louis 2018}) 5... e6 6. h3 {A06: Zukertort-Eröffnung} Bh5 7. Be2 {LiveBook: 21 Partien} a5 8. a3 {Die Stellung ist ausgeglichen.} c6 9. O-O Bd6 10. cxd5 exd5 11. d3 O-O 12. Nbd2 Re8 13. Re1 {[#]} h6 $146 ({Vorgänger:} 13... Bg6 14. Nh4 Be5 15. Bxe5 Nxe5 16. d4 Ned7 17. Nxg6 hxg6 {0-1 (47) Chkhaidze,N (2171)-Jansa,V (2512) Sort 2006}) 14. Nh4 Bxe2 15. Qxe2 Be5 16. Bxe5 Nxe5 17. Ndf3 Ra6 18. Nxe5 Rxe5 19. Nf3 Re8 {[%cal Be5e8,Be8a8,Ba8a3][%mdl 32]} 20. Rab1 Qe7 21. b4 axb4 22. axb4 Rb6 23. Qd2 Ra8 24. Rb2 Ra3 25. Reb1 Nd7 26. Nd4 Ne5 27. Rb3 Ra4 28. Qc3 Ra2 29. Qc5 {[#]} Qf6 $1 {[%mdl 512]} 30. Rf1 Rba6 {[%cal Bb6a6,Ba6a8,Ba8a1][%mdl 32]} 31. Qc3 Ra8 32. b5 $2 {[%mdl 8192] [#]} ({Lieber} 32. Nc2 $15) 32... c5 $1 $19 {[%mdl 512]} 33. Qxc5 {[#]} Rxf2 $1 {[%mdl 512]} 34. Rxf2 $2 (34. Rbb1 $19 Raa2 35. Qxd5 Rxg2+ 36. Qxg2 Rxg2+ 37. Kxg2 Qg5+ 38. Kf2) 34... Ra1+ {Schwarz setzt Matt.} 35. Kh2 {[#]} Ng4+ $1 {[%mdl 512]} 36. Kg3 (36. hxg4 Qh4#) 36... Qxf2+ 37. Kxg4 Qxg2+ 38. Kf4 Qg5+ {[%mdl 32768] Precision: Weiß = 33%, Schwarz = 63%. . Loss on Time!?} 0-1

[Event "World Junior U20 Open 2018"]
[Site "Gebze"]
[Date "2018.09.14"]
[Round "10.23"]
[White "Barseghyan, Harutyun"]
[Black "Can, Isik"]
[Result "1-0"]
[WhiteElo "2466"]
[BlackElo "2361"]
[Annotator "TA"]
[PlyCount "123"]
[EventDate "2018.09.05"]
[EventType "swiss"]
[EventCountry "TUR"]
[SourceTitle "playchess.com"]
[Source "ChessBase"]
[SourceQuality "1"]

{[%evp 9,123,1,8,0,72,9,14,0,0,0,8,0,0,0,0,-9,0,-9,-4,-34,-30,-43,-38,-40,-26,-31,-18,-13,79,60,180,177,181,198,199,131,136,136,128,126,112,113,194,179,181,171,153,155,166,148,144,148,211,225,214,197,207,178,167,75,57,47,47,62,164,164,164,156,435,431,385,268,304,261,571,543,556,587,593,542,589,454,450,442,589,454,407,320,311,308,361,361,287,191,217,206,206,199,208,179,188,187,191,191,191,185,190,191,183,175,223,223,613,601,11957,9703]} 1. d4 d5 2. c4 c6 3. cxd5 cxd5 4. Bg5 Nc6 (4... Nf6 5. Bxf6 gxf6 6. Nc3 e6 7. e3 Nd7 8. Bd3 f5 9. h3 h5 10. h4 Nf6 11. Nge2 Bd6 {0-1 (32) Mamedyarov,S (2808)-Aronian,L (2764) Paris 2018}) 5. Nc3 Bf5 6. Nf3 {D10: Slav Defence: 3 cxd5 (without early Nf3) and 3 Nc3} Qd7 (6... f6 $11 {remains equal.} 7. Bd2 e5) 7. e3 (7. Ne5 $16 Qc7 8. Bf4 (8. Nxd5 Qa5+ 9. Nc3 Nxe5 $16)) 7... e6 $146 ({Predecessor:} 7... f6 8. Bf4 a6 9. Qb3 e6 10. a4 Nb4 11. Rc1 Bd3 {0-1 (40) Conner,S-Thews,D (1598) Palo Verde 2003}) 8. Rc1 {The position is equal.} Bd6 9. Bb5 f6 10. Bh4 Nge7 11. O-O O-O 12. Na4 Rfc8 13. Nc5 Bxc5 14. dxc5 e5 15. a3 a6 16. Ba4 g5 17. Bg3 Bg4 18. h3 Bh5 {[#]} (18... Be6 $11 {keeps the balance.}) 19. Bxc6 $1 $16 bxc6 (19... Nxc6 $14 20. Nxe5 Nxe5 21. Qxh5 Nd3) 20. Nxe5 $1 $18 fxe5 21. Qxh5 Qf5 22. h4 (22. Rce1 $18) 22... gxh4 $16 23. Qxf5 Nxf5 24. Bxe5 Re8 25. Bf4 Kf7 (25... a5 $16 {was necessary.} 26. b3 Ra7) 26. Rc3 $18 d4 27. Rd3 dxe3 28. fxe3 Kg6 29. Rd7 Re6 30. Rfd1 Kh5 (30... Rae8 $16 {was worth a try.} 31. R1d3 Nxe3) 31. Rxh7+ Kg4 32. Kh2 Rg8 33. Rdd7 a5 34. b4 (34. Rd3 $18 {and White stays clearly on top.}) 34... Nxe3 $16 35. Bxe3 Rxe3 36. bxa5 {[%cal Bb4a5,Ba5a6,Ba6a7][%mdl 4128] [#] Endgame Hoping for Rd4+. KRR-KRR} Ra8 (36... Rxa3 $14 37. Ra7 Ra2) 37. Rd4+ $18 Kg5 38. Ra4 {Threatens to win with a6.} Rc3 $2 (38... Ra6 $16 39. Rg7+ (39. Raxh4 Rxa3 40. g3 Ra1 $16) 39... Kf5) 39. a6 Rxc5 40. Rb7 Rd5 41. a7 Rdd8 $2 (41... Rb5 {is a better chance.} 42. Rf7 Rb6 43. Ra5+ Kg6) 42. Ra6 h3 43. Kxh3 Kf4 {( -> ...Rh8+)} 44. Rf7+ Ke3 45. g3 c5 46. Rc7 Rd4 47. Re6+ Kd3 48. Rb6 Ra4 49. Rxc5 R8xa7 50. Rb3+ Kd4 51. Rc8 R4a6 52. Re8 Rh7+ 53. Kg2 Rc6 54. Rb4+ Kd5 55. Rb2 Kd6 56. Rd2+ Kc7 57. Re3 Rc4 58. Red3 Rg7 59. Ra2 Kb6 60. Rb3+ Ka5 $2 (60... Ka6 61. Rf2 Ka5 62. Rf5+ Ka4) 61. Rab2 Ka6 62. Rb4 {Precision: White = 66%, Black = 33%.} 1-0

[Event "World Junior U20 Open 2018"]
[Site "Gebze"]
[Date "2018.09.14"]
[Round "10.24"]
[White "Lodici, Lorenzo"]
[Black "Wadsworth, Matthew J"]
[Result "1-0"]
[WhiteElo "2458"]
[BlackElo "2351"]
[Annotator "TA"]
[PlyCount "69"]
[EventDate "2018.09.05"]
[EventType "swiss"]
[EventCountry "TUR"]
[SourceTitle "playchess.com"]
[Source "ChessBase"]
[SourceQuality "1"]

{[%evp 13,69,58,56,8,38,27,44,52,57,35,37,0,35,40,32,38,36,29,29,32,29,23,31,24,41,35,34,19,48,0,93,93,78,72,53,0,0,0,316,319,522,535,525,539,498,502,866,863,1210,1207,1175,1171,1535,1393,29988,29989,29991,29992]} 1. d4 Nf6 2. c4 c5 3. d5 e6 4. Nc3 exd5 5. cxd5 d6 6. e4 g6 7. Nf3 a6 8. Qe2 {A70: Modern Benoni: 6 e4 g6 7 Nf3} Bg4 9. e5 Bxf3 10. gxf3 {White is slightly better.} dxe5 11. Qxe5+ Qe7 12. Bf4 (12. Qxe7+ {keeps more tension.} Bxe7 13. Be3 Nbd7 14. O-O-O Bd6 15. Ne4) 12... Nbd7 (12... Qxe5+ {looks sharper.} 13. Bxe5 Nbd7 14. Bc7 Bh6 15. Bh3 O-O) 13. Qxe7+ Bxe7 14. O-O-O {And now Re1 would win.} Nh5 {[#]} 15. Be3 $146 ({Predecessor:} 15. Bc7 Bd8 {1-0 (36) Epishin,V (2605)-De Firmian,N (2549) Minneapolis 2005}) 15... Bd6 16. Ne4 $36 {[%mdl 2048] White has the initiative.} Be5 17. Kb1 b6 18. d6 O-O 19. Bc4 Kg7 20. a4 {[%cal Ba2a4,Ba4a5][%mdl 32]} h6 21. a5 f5 (21... Rab8 $1 $11 {keeps the balance.}) 22. Ng3 $16 {[#] aiming for Nxh5+.} Nf4 23. Rhe1 {Bxf4 is the strong threat.} Ng2 24. Rg1 (24. Re2 $1 $14) 24... Nxe3 $11 25. fxe3 {Strongly threatening f4.} bxa5 $2 {[%mdl 8192]} (25... Bxg3 $1 $11 26. Rxg3 bxa5) 26. f4 $18 Bf6 $2 (26... Nb6 27. Bd3 (27. fxe5 Nxc4 28. Nh5+ Kf7 $14) 27... Kf6 28. fxe5+ Kxe5) 27. Nxf5+ Kh7 28. Ne7 Rfb8 29. Rd2 Rb4 (29... Nf8 $142 30. Bd5 a4) 30. Bd3 c4 31. Bxg6+ Kh8 32. Bf5 c3 33. Rdg2 {[#] Rg8+ would kill now.} Bxe7 34. dxe7 Nf6 35. Rg6 {Precision: White = 75%, Black = 32%.} 1-0

[Event "World Junior U20 Open 2018"]
[Site "Gebze"]
[Date "2018.09.14"]
[Round "10.25"]
[White "Repka, Christopher"]
[Black "Baenziger, Fabian"]
[Result "1/2-1/2"]
[WhiteElo "2523"]
[BlackElo "2360"]
[Annotator "TA"]
[PlyCount "129"]
[EventDate "2018.09.05"]
[EventType "swiss"]
[EventCountry "TUR"]
[SourceTitle "playchess.com"]
[Source "ChessBase"]
[SourceQuality "1"]

{[%evp 9,129,0,0,0,0,-5,12,-23,-22,-17,4,12,8,-15,-13,-16,0,-39,-11,-18,-9,-21,-20,-21,-28,-31,-31,-35,-17,-18,-10,-60,0,0,0,0,18,14,39,0,0,0,0,0,0,0,0,0,0,0,0,0,0,-6,0,0,0,0,11,17,62,58,81,70,76,36,29,37,23,19,12,0,0,0,49,0,18,0,0,0,269,0,0,0,0,0,0,0,0,0,0,0,0,0,0,0,0,0,0,0,0,0,0,0,0,0,0,0,0,0,0,0,0,0,0,0,0,0,0,0,0,0]} 1. d4 d5 2. Bg5 h6 3. Bh4 c5 4. e3 Nc6 5. Nf3 g5 6. Bg3 {D00: 1 d4 d5: Unusual lines} Bg7 7. Bb5 $146 ({Predecessor:} 7. c3 Qb6 8. Qc1 Bf5 9. Nbd2 Rc8 10. dxc5 Qxc5 11. Be2 Nf6 {1-0 (65) Kramnik,V (2788)-Grachev,B (2640) Moscow 2008}) 7... Bg4 8. O-O cxd4 9. exd4 e6 10. c3 Qb6 11. Bxc6+ Qxc6 12. Nbd2 Ne7 13. Qb3 Ng6 14. Ne5 Nxe5 15. Bxe5 f6 16. Bg3 h5 17. h4 Bh6 18. hxg5 Bxg5 19. f4 Bh6 20. Rae1 {[#] Strongly threatening f5.} Kf7 (20... Bf5 $15) 21. Nf3 $1 $11 Rhg8 22. Nh4 $1 Bf5 23. Nxf5 exf5 24. Re3 Rae8 25. Rfe1 Re4 26. Bf2 Rg4 27. Rxe4 fxe4 28. Rxe4 Bxf4 {...Bh2+! is the strong threat.} 29. Re2 {Black must now prevent Qc2.} Qd7 30. Be1 h4 31. Qc2 Kg7 32. Qd3 Bg3 33. Qf3 Bxe1 (33... Rf4 $5 {[%cal Rf4f3]} 34. Qd3 Rg4 $11) 34. Rxe1 {[%mdl 4096] Endgame KQR-KQR} Rg3 35. Qf4 Qh3 {[%csl Gg3][%cal Rh3g2]} 36. Re2 Rg6 37. Qb8 {White wants to mate with Re7+.} Qg4 $1 {[%cal Rg4e2]} 38. Qxb7+ Kh6 39. Qe7 $36 {[%mdl 2048] Black should prevent Qf8+. White is pushing.} h3 $1 40. Qe3+ Kg7 41. Qe7+ Kh6 42. Qe3+ Kg7 43. Qd2 f5 44. Qe3 f4 $2 {[%mdl 8192] [#]} (44... Kh7 $11 {and Black has nothing to worry.}) 45. Qe7+ $2 (45. Qe8 $1 $18) 45... Kh6 {And now ...f3 would win.The position is equal.} 46. Qf8+ Rg7 $1 47. Qh8+ Kg6 48. Rf2 Kf7 {[%cal Rh3g2]} 49. Qh6 Kg8 50. Qxf4 Qxf4 51. Rxf4 {Threatens to win with g4.} Rxg2+ {KR-KR} 52. Kh1 Rxb2 53. Rf5 Rxa2 54. Rxd5 Rc2 55. Rc5 a5 56. d5 a4 {aiming for ...a3.} 57. d6 Rd2 58. Ra5 Rxd6 59. Rxa4 Rd3 60. Kh2 Rxc3 61. Rg4+ Kf7 62. Rg3 Rxg3 63. Kxg3 h2 64. Kg2 h1=Q+ 65. Kxh1 {Precision: White = 62%, Black = 74%.} 1/2-1/2

[Event "World Junior U20 Open 2018"]
[Site "Gebze"]
[Date "2018.09.14"]
[Round "10.26"]
[White "Macovei, Andrei"]
[Black "Jarmula, Lukasz"]
[Result "1/2-1/2"]
[WhiteElo "2385"]
[BlackElo "2504"]
[Annotator "TA"]
[PlyCount "73"]
[EventDate "2018.09.05"]
[EventType "swiss"]
[EventCountry "TUR"]
[SourceTitle "playchess.com"]
[Source "ChessBase"]
[SourceQuality "1"]

{[%evp 23,73,29,25,5,39,41,66,18,27,39,82,81,66,67,72,68,76,71,72,0,122,109,181,183,171,-37,-35,-44,-33,-68,29,0,0,0,0,0,0,0,0,0,0,0,0,0,0,0,0,0,0,0,0,0]} 1. e4 c5 2. Nf3 d6 3. d4 cxd4 4. Nxd4 Nf6 5. Nc3 a6 6. f3 e5 7. Nb3 Be6 8. Be3 h5 9. Nd5 {B90: Sicilian Najdorf: Unusual White 6th moves, 6 Be3 Ng4 and 6 Be3 e5} Bxd5 10. exd5 Nbd7 11. Qd2 g6 12. Be2 Bg7 {LiveBook: 85 Games} 13. O-O-O (13. O-O a5 14. a4 O-O 15. Bb5 Qc7 16. c4 b6 17. h3 Nc5 18. Nxc5 bxc5 {½-½ (49) Carlsen,M (2842)-Vachier Lagrave,M (2779) Biel 2018}) 13... Qc7 14. Kb1 b5 15. g4 $146 (15. Qa5 $5 {[%cal Ra5c7]} Qb8 16. c4 $11) ({Predecessor:} 15. Qa5 Qb7 16. c4 bxc4 17. Bxc4 {0-1 (32) Fink Nunn,P (2071)-Donchenko,A (2569) London 2017}) 15... hxg4 16. fxg4 {[%cal Bf3g4,Bg4g5][%mdl 32]} Rh3 17. g5 Ne4 18. Qc1 $1 Nb6 19. Bg4 Rh4 20. h3 $1 Nc4 21. Rhe1 (21. Rd3 $1 $16) 21... Qd8 {[#]} (21... Qe7 $11) 22. Nd4 $1 $16 {[%mdl 512]} Qa5 {[#]} (22... Rxg4 $16 23. Nc6 (23. hxg4 Qd7 $16) 23... Qd7 24. hxg4 Qxg4) (22... exd4 23. Bxd4) 23. c3 $1 $18 Nxc3+ ({Don't play} 23... exd4 $6 24. Bxd4 Kf8 25. Rxe4) 24. bxc3 $2 ({White must play} 24. Qxc3 $18 Qxc3 25. bxc3) 24... exd4 $15 25. Bxd4+ Kf8 26. Qf4 Be5 ({Black should play} 26... Bxd4 $15 27. Qxd4 Qd8) 27. Rxe5 (27. Bxe5 {keeps more tension.} dxe5 28. Qg3 Qa3 29. Re2 Rh7 30. d6) 27... dxe5 {The position is equal.} 28. Bxe5 Qa3 {[%csl Gc4][%cal Ra3b2]} 29. Qf2 $1 {Black must now prevent Bf6.} Rxg4 30. hxg4 {Rh1 is the strong threat.} Nxe5 31. Rh1 Qxc3 {Hoping for ...Nc4.} ({Stronger than} 31... Kg8 32. Qf6 Qc1+ 33. Kxc1 Nd3+ 34. Kd2 Kf8 35. Rh8#) 32. Rh8+ Ke7 33. Rxa8 {White threatens Qf6+ and mate.} Qb4+ 34. Ka1 {Threatening mate with Qf6+.} Qc3+ 35. Kb1 {White wants to mate with Qf6+.} Qb4+ 36. Ka1 {Intending Qf6+ and mate.} Qc3+ 37. Kb1 {Precision: White = 54%, Black = 63%.} 1/2-1/2

[Event "World Junior U20 Open 2018"]
[Site "Gebze"]
[Date "2018.09.14"]
[Round "10.27"]
[White "Sanal, Vahap"]
[Black "Murphy, Conor E"]
[Result "1-0"]
[WhiteElo "2502"]
[BlackElo "2357"]
[Annotator "TA"]
[PlyCount "65"]
[EventDate "2018.09.05"]
[EventType "swiss"]
[EventCountry "TUR"]
[SourceTitle "playchess.com"]
[Source "ChessBase"]
[SourceQuality "1"]

{[%evp 18,65,10,-8,16,-3,-3,-8,-8,-28,-29,-37,0,0,0,-21,9,7,7,0,2,0,0,0,16,4,7,6,44,16,24,16,130,15,200,165,553,557,535,533,498,467,741,745,728,672,665,672,662,662]} 1. e4 e5 2. Nf3 Nc6 3. Bb5 a6 4. Ba4 Nf6 5. O-O Be7 6. Bxc6 dxc6 7. d3 Nd7 8. Nbd2 O-O 9. Nc4 f6 10. b3 {LiveBook: 13 Partien} c5 {C85: Spanische Partie (Steenwijker Variante)} 11. h3 $146 ({Vorgänger:} 11. Bb2 Nb8 12. a4 Nc6 13. Nfd2 Be6 14. a5 b5 15. axb6 cxb6 16. Ne3 b5 17. Kh1 a5 18. Qb1 {0-1 (39) Ovetchkin,R (2573)-Smirnov,P (2562) Nefteyugansk 2002}) 11... Nb8 12. Bb2 Nc6 {Die Stellung ist ausgeglichen.} 13. Nh2 Be6 14. Ng4 Bd6 15. Nge3 Qd7 16. Qd2 a5 17. a4 b6 18. h4 Nd4 19. Rae1 Rad8 20. f3 Kh8 21. h5 Bf7 22. g4 Ne6 23. Qh2 Rb8 24. Nf5 Rfe8 {[#]} (24... h6 $11 {bleibt in der Remisbreite.}) 25. Rf2 (25. f4 $1 $16 {[%cal Rf4e5][%mdl 512]} Nxf4 (25... exf4 26. e5) 26. Ncxd6 cxd6 27. Rxf4 exf4 28. h6) 25... Ng5 $2 {[#]} (25... h6 $11 {und Schwarz ist OK.}) 26. f4 $1 {[%mdl 512]} exf4 $2 (26... Bxc4 27. fxg5 Be6) 27. Ncxd6 $18 {Weiß steht klar auf Gewinn.} cxd6 28. h6 Kg8 29. hxg7 Re6 (29... Re5 $142 30. Rxf4 Bg6) 30. Qh4 Re5 31. Rxf4 Bg6 32. Ref1 {Droht Sh6+ und aus.} Bxf5 33. Bxe5 {Precision: Weiß = 40%, Schwarz = 33%.} ({Weniger gut wäre} 33. Rxf5 Rxf5 34. gxf5 (34. Rxf5 $2 {geht unter.} Qxf5 35. gxf5 Nf3+ 36. Kf2 Nxh4 $19) 34... Qxg7 $16) ({Schlechter ist} 33. exf5 Re3 $11) 1-0